[Event "Sautron op 16th"]
[Site "Sautron"]
[Date "2016.10.29"]
[Round "9.36"]
[White "Vaillant, Stephane"]
[Black "Mallet, Gregoire"]
[Result "1-0"]
[WhiteElo "1908"]
[BlackElo "1676"]
[PlyCount "61"]
[EventDate "2016.10.22"]
[EventType "swiss"]
[EventRounds "9"]
[EventCountry "FRA"]
[SourceTitle "EXT 2019"]
[Source "ChessBase"]
[SourceDate "2018.10.10"]
[SourceVersion "1"]
[SourceVersionDate "2018.10.10"]
[SourceQuality "1"]

1. d4 d5 2. Nf3 c5 3. c4 e6 4. cxd5 exd5 5. Nc3 Be6 6. g3 Nc6 7. Bg2 Nf6 8. 0-0 Be7 9. Bg5 0-0 10. dxc5 h6 11. Be3 Qa5 12. a3 Rfd8 13. Nd4 Ng4 14. Nxc6 bxc6 15. Bd4 Nf6 16. Qc2 Qc7 17. e3 Qd7 18. Ne2 Bf5 19. Qd1 a5 20. Nf4 Re8 21. Nd3 Bxd3 22. Qxd3 a4 23. Rfb1 Ne4 24. Qc2 Qa7 25. b4 axb3 26. Rxb3 Bxc5 27. Bxe4 Bxd4 28. Bh7+ Kh8 29. exd4 g6 30. Bxg6 fxg6 31. Qxg6 1-0

[Event "Sautron op 14th"]
[Site "Sautron"]
[Date "2014.10.26"]
[Round "5"]
[White "Bouget, Alexandre"]
[Black "Vaillant, Stephane"]
[Result "0-1"]
[WhiteElo "2315"]
[BlackElo "1932"]
[PlyCount "73"]
[EventDate "2014.10.26"]
[EventType "swiss"]
[EventRounds "9"]
[EventCountry "FRA"]
[SourceTitle "EXT 2016"]
[Source "ChessBase"]
[SourceDate "2015.10.08"]
[SourceVersion "1"]
[SourceVersionDate "2015.10.08"]
[SourceQuality "1"]

1. d4 e6 2. c4 Nf6 3. Nc3 Bb4 4. a3 Bxc3+ 5. bxc3 c5 6. f3 d5 7. cxd5 exd5 8. e3 0-0 9. Bd3 b6 10. Ne2 Ba6 11. 0-0 Bxd3 12. Qxd3 Nbd7 13. Ng3 Re8 14. Ra2 h5 15. Re2 h4 16. Nh1 g6 17. Nf2 cxd4 18. cxd4 Rc8 19. e4 Nh5 20. Qd2 Nf8 21. e5 Ne6 22. Nh3 Rc4 23. Bb2 Nhg7 24. Nf4 Nxf4 25. Qxf4 Ne6 26. Qd2 Ng7 27. g4 hxg3 28. hxg3 Nf5 29. Rh2 Re6 30. g4 Nh4 31. Qf2 g5 32. f4 Rc7 33. fxg5 Ng6 34. Qe3 Qf8 35. Qf3 Ne7 36. a4 Qg7 37. Qh1 0-1

[Event "Sautron op 14th"]
[Site "Sautron"]
[Date "2014.10.26"]
[Round "9"]
[White "Locci, Damiano"]
[Black "Vaillant, Stephane"]
[Result "1-0"]
[WhiteElo "2131"]
[BlackElo "1932"]
[PlyCount "81"]
[EventDate "2014.10.26"]
[EventType "swiss"]
[EventRounds "9"]
[EventCountry "FRA"]
[SourceTitle "EXT 2016"]
[Source "ChessBase"]
[SourceDate "2015.10.08"]
[SourceVersion "1"]
[SourceVersionDate "2015.10.08"]
[SourceQuality "1"]

1. e4 e6 2. b3 d5 3. Bb2 dxe4 4. Nc3 Nf6 5. Qe2 Be7 6. Nxe4 Nbd7 7. Qf3 Nxe4 8. Qxe4 Bf6 9. d4 c5 10. 0-0-0 cxd4 11. Nf3 Nc5 12. Bb5+ Bd7 13. Qe2 0-0 14. Nxd4 Bxb5 15. Qxb5 Qc7 16. Qc4 a6 17. Kb1 Rac8 18. Qe2 Qf4 19. g3 Qe4 20. Rhe1 Qxe2 21. Nxe2 Bxb2 22. Kxb2 Rfd8 23. Nc3 Kf8 24. b4 Nd7 25. Ne4 Ke7 26. Nd6 Rc6 27. Nxb7 Rb8 28. Na5 Rc7 29. h3 Rbc8 30. c4 Nb6 31. c5 Nd7 32. Rd6 Nxc5 33. bxc5 Rxc5 34. Rxa6 Rc2+ 35. Kb1 Rxf2 36. Ra7+ Kf6 37. Rb7 Rcc2 38. Rf1 Rxf1+ 39. Kxc2 Rh1 40. Kb3 Rxh3 41. Nc4 1-0

[Event "Sautron op 14th"]
[Site "Sautron"]
[Date "2014.10.26"]
[Round "6"]
[White "Vaillant, Stephane"]
[Black "Peric, Slavisa"]
[Result "0-1"]
[WhiteElo "1932"]
[BlackElo "2188"]
[PlyCount "104"]
[EventDate "2014.10.26"]
[EventType "swiss"]
[EventRounds "9"]
[EventCountry "FRA"]
[SourceTitle "EXT 2016"]
[Source "ChessBase"]
[SourceDate "2015.10.08"]
[SourceVersion "1"]
[SourceVersionDate "2015.10.08"]
[SourceQuality "1"]

1. d4 e6 2. Nf3 Nf6 3. c4 Bb4+ 4. Bd2 Bxd2+ 5. Qxd2 b6 6. g3 Ba6 7. Qc2 c6 8. Bg2 d5 9. Nbd2 0-0 10. 0-0 Qe7 11. Rfe1 Rc8 12. Rac1 Nbd7 13. Qa4 Bb7 14. cxd5 exd5 15. Nb1 a5 16. Qa3 Qb4 17. Qxb4 axb4 18. a3 bxa3 19. Nxa3 Ra4 20. Red1 Re8 21. e3 g6 22. Bh3 Kf8 23. Rc2 h6 24. Rdc1 Rb4 25. Bf1 Ke7 26. Ne1 Kd6 27. Nd3 Ra4 28. Be2 Ng8 29. Bf3 f5 30. h4 Ne7 31. Bd1 Ra5 32. Bf3 Rb8 33. Rc3 Rba8 34. Kg2 R8a7 35. Kg1 c5 36. dxc5+ bxc5 37. R3c2 Ba6 38. Rd2 Bxd3 39. Rxd3 Ke6 40. Rd2 Ne5 41. Bg2 c4 42. Nc2 Nd3 43. Nd4+ Kf6 44. Rc3 Ra1+ 45. Kh2 R7a2 46. Rcc2 Rb1 47. Nb5 Rbxb2 48. Rxb2 Rxb2 49. Rxb2 Nxb2 50. Kg1 g5 51. hxg5+ hxg5 52. f4 Nd1 0-1

[Event "Cappelle op 29th"]
[Site "Cappelle la Grande"]
[Date "2013.02.23"]
[Round "1"]
[White "Veys, Vincent"]
[Black "Vaillant, Stephane"]
[Result "1-0"]
[WhiteElo "2109"]
[BlackElo "1923"]
[PlyCount "49"]
[EventDate "2013.02.23"]
[EventType "swiss"]
[EventRounds "9"]
[EventCountry "FRA"]
[SourceTitle "CBM 153 Extra"]
[Source "ChessBase"]
[SourceDate "2013.04.22"]
[SourceVersion "1"]
[SourceVersionDate "2013.04.22"]
[SourceQuality "1"]

1. e4 e6 2. d4 d5 3. Nd2 Nf6 4. e5 Nfd7 5. Bd3 c5 6. c3 Nc6 7. Ndf3 cxd4 8. cxd4 f6 9. exf6 Nxf6 10. Nh3 Bd6 11. 0-0 0-0 12. Re1 Qc7 13. Nhg5 e5 14. dxe5 Nxe5 15. Bxh7+ Kh8 16. Nh4 Nxh7 17. Rxe5 Bxe5 18. Ng6+ Kg8 19. Qxd5+ Rf7 20. Nxf7 Bxh2+ 21. Kh1 Qxf7 22. Qd8+ Nf8 23. Ne7+ Kh8 24. Nxc8 Qxf2 25. Kxh2 1-0

[Event "Le Touquet op 26th"]
[Site "Le Touquet"]
[Date "2011.10.22"]
[Round "1"]
[White "Vaillant, Stephane"]
[Black "Marechal, Andy"]
[Result "0-1"]
[WhiteElo "1989"]
[BlackElo "2336"]
[PlyCount "110"]
[EventDate "2011.10.22"]
[EventType "swiss"]
[EventRounds "9"]
[EventCountry "FRA"]
[SourceTitle "EXT 2012"]
[Source "ChessBase"]
[SourceDate "2011.11.24"]
[SourceVersion "1"]
[SourceVersionDate "2011.11.24"]
[SourceQuality "1"]

1. d4 d5 2. Nf3 Nf6 3. c4 c6 4. Nc3 dxc4 5. a4 Bf5 6. e3 e6 7. Bxc4 Bb4 8. 0-0 0-0 9. Qe2 Bg6 10. Ne5 Nbd7 11. Nxg6 hxg6 12. e4 Nb6 13. Bb3 Qxd4 14. a5 Nbd7 15. Rd1 Qe5 16. f4 Qh5 17. Qxh5 gxh5 18. e5 Nd5 19. Ne4 Nc5 20. Bc2 Nxe4 21. Bxe4 g6 22. g3 Rfd8 23. Bd2 Rac8 24. Kf2 Bxd2 25. Rxd2 Kf8 26. Ra3 Ke7 27. Rb3 Rb8 28. Rc2 Rdc8 29. Kf3 b6 30. axb6 axb6 31. h3 c5 32. g4 hxg4+ 33. hxg4 Nb4 34. Rh2 Rh8 35. Rxh8 Rxh8 36. Kg3 Rd8 37. Ra3 Rd4 38. Ra7+ Kf8 39. Kf3 Nd5 40. f5 gxf5 41. gxf5 exf5 42. Bxd5 Rxd5 43. Kf4 Rd2 44. Kxf5 Rf2+ 45. Ke4 Rxb2 46. Kd5 Rd2+ 47. Kc6 Re2 48. Kxb6 Rxe5 49. Rc7 Kg7 50. Rxc5 Rxc5 51. Kxc5 Kf6 52. Kd4 Kg5 53. Ke3 Kg4 54. Kf2 Kf4 55. Ke2 Kg3 0-1

[Event "Metz op-B 29th"]
[Site "Metz"]
[Date "2011.05.08"]
[Round "9"]
[White "Vaillant, Stephane"]
[Black "Donchenko, Irina"]
[Result "1/2-1/2"]
[WhiteElo "1998"]
[BlackElo "2058"]
[PlyCount "38"]
[EventDate "2011.05.02"]
[EventType "swiss"]
[EventRounds "9"]
[EventCountry "FRA"]
[SourceTitle "EXT 2013"]
[Source "ChessBase"]
[SourceDate "2012.11.22"]
[SourceVersion "1"]
[SourceVersionDate "2012.11.22"]
[SourceQuality "1"]

1. d4 d5 2. Nf3 Nf6 3. c4 dxc4 4. e3 e6 5. Bxc4 c5 6. 0-0 a6 7. dxc5 Qxd1 8. Rxd1 Bxc5 9. b3 Ke7 10. Ba3 Bxa3 11. Nxa3 b5 12. Be2 Bb7 13. Rac1 Rc8 14. Rxc8 Bxc8 15. Rc1 Nbd7 16. Nb1 Bb7 17. Kf1 h6 18. Nbd2 Rc8 19. Rxc8 Bxc8 1/2-1/2

[Event "Cappelle op 27th"]
[Site "Cappelle la Grande"]
[Date "2011.02.28"]
[Round "3"]
[White "Van Assendelft, Floris"]
[Black "Vaillant, Stephane"]
[Result "1-0"]
[WhiteElo "2337"]
[BlackElo "1972"]
[PlyCount "89"]
[EventDate "2011.02.26"]
[EventType "swiss"]
[EventRounds "9"]
[EventCountry "FRA"]
[SourceTitle "CBM 141 Extra"]
[Source "ChessBase"]
[SourceDate "2011.05.03"]
[SourceVersion "1"]
[SourceVersionDate "2011.05.03"]
[SourceQuality "1"]

1. e4 e6 2. d4 d5 3. e5 c5 4. c3 Nc6 5. Nf3 Qb6 6. a3 c4 7. Nbd2 Na5 8. g3 Bd7 9. h4 h6 10. Bg2 Ne7 11. h5 0-0-0 12. 0-0 Kb8 13. Nh4 g6 14. Nhf3 gxh5 15. Nh4 Ng6 16. Qxh5 Be8 17. f4 Be7 18. f5 Nxh4 19. gxh4 f6 20. Qe2 exf5 21. e6 h5 22. Rxf5 Rg8 23. Nf1 Nb3 24. Bf4+ Ka8 25. Re1 Bg6 26. Ng3 Nxd4 27. cxd4 Qxd4+ 28. Qe3 Qxe3+ 29. Bxe3 Bd6 30. Rf3 Be5 31. Nf5 Bxb2 32. Bd4 Bxf5 33. Bxb2 Be4 34. Rf2 Rde8 35. Rxe4 dxe4 36. Rxf6 Rg7 37. Kf2 e3+ 38. Kf3 e2 39. Bc3 Reg8 40. Bh3 Rg3+ 41. Kxe2 Re8 42. Rf3 Rxh3 43. Rxh3 Rxe6+ 44. Re3 Rxe3+ 45. Kxe3 1-0

[Event "Metz op 28th"]
[Site "Metz"]
[Date "2009.04.11"]
[Round "7"]
[White "Pucher, Sebastien"]
[Black "Vaillant, Stephane"]
[Result "1-0"]
[WhiteElo "2273"]
[BlackElo "1964"]
[PlyCount "45"]
[EventDate "2010.04.10"]
[EventType "swiss"]
[EventRounds "9"]
[EventCountry "FRA"]
[SourceTitle "CBM 136 Extra"]
[Source "ChessBase"]
[SourceDate "2010.07.02"]
[SourceVersion "2"]
[SourceVersionDate "2010.07.15"]
[SourceQuality "1"]

1. e4 e6 2. d4 d5 3. Nd2 dxe4 4. Nxe4 Nd7 5. Nf3 Ngf6 6. Nxf6+ Nxf6 7. c3 Be7 8. Bc4 0-0 9. 0-0 b6 10. Ne5 Bd7 11. Qf3 Qc8 12. a4 c6 13. Re1 a5 14. Nxd7 Qxd7 15. Qh3 Rad8 16. Rxe6 Qc7 17. Re2 c5 18. Be3 cxd4 19. Bxd4 Nd5 20. Qg3 Qxg3 21. hxg3 Bc5 22. Bxc5 bxc5 23. Re5 1-0

[Event "Metz op 28th"]
[Site "Metz"]
[Date "2009.04.11"]
[Round "4"]
[White "Vaillant, Stephane"]
[Black "Uhoda, Philippe"]
[Result "1/2-1/2"]
[WhiteElo "1965"]
[BlackElo "2118"]
[PlyCount "88"]
[EventDate "2010.04.10"]
[EventType "swiss"]
[EventRounds "9"]
[EventCountry "FRA"]
[SourceTitle "CBM 136 Extra"]
[Source "ChessBase"]
[SourceDate "2010.07.02"]
[SourceVersion "2"]
[SourceVersionDate "2010.07.15"]
[SourceQuality "1"]

1. d4 Nf6 2. Nf3 g6 3. c4 Bg7 4. Nc3 0-0 5. e4 d6 6. Be2 e5 7. d5 a5 8. Bg5 h6 9. Bh4 Na6 10. Nd2 Qe8 11. a3 Bd7 12. b3 Nh7 13. 0-0 Bf6 14. Bxf6 Nxf6 15. Rb1 Nc5 16. b4 axb4 17. axb4 Na4 18. Qc1 Qe7 19. Nxa4 Rxa4 20. Qc3 Rfa8 21. Ra1 Qd8 22. Rxa4 Rxa4 23. Ra1 Qa8 24. Rxa4 Qxa4 25. Qb2 Ne8 26. h3 f5 27. exf5 Bxf5 28. Kh2 Qc2 29. Qxc2 Bxc2 30. Kg3 Ng7 31. f3 Nf5+ 32. Kf2 Kf7 33. Bf1 Kf6 34. g3 g5 35. Be2 Nd4 36. Bf1 h5 37. Ke3 Nf5+ 38. Kf2 h4 39. gxh4 gxh4 40. Ne4+ Kg6 41. b5 b6 42. Be2 Nd4 43. Bf1 Kf5 44. Ke3 Kg6 1/2-1/2

[Event "Le Touquet op-A"]
[Site "Le Touquet"]
[Date "2008.10.28"]
[Round "5"]
[White "Bellamine, Imed"]
[Black "Vaillant, Stephane"]
[Result "1/2-1/2"]
[WhiteElo "2140"]
[BlackElo "1985"]
[PlyCount "46"]
[EventDate "2008.10.25"]
[EventType "swiss"]
[EventRounds "9"]
[EventCountry "FRA"]
[SourceTitle "EXT 2009"]
[Source "ChessBase"]
[SourceDate "2008.11.26"]
[SourceVersion "1"]
[SourceVersionDate "2008.11.26"]
[SourceQuality "1"]

1. e4 e6 2. d4 d5 3. Nc3 Nf6 4. e5 Nfd7 5. f4 c5 6. Nf3 Nc6 7. Be3 a6 8. Qd2 b5 9. 0-0-0 c4 10. f5 Qa5 11. fxe6 fxe6 12. a3 Bxa3 13. bxa3 Qxa3+ 14. Kb1 b4 15. Na2 Rb8 16. Qc1 Qa4 17. Nd2 Na5 18. Be2 c3 19. Nb3 Nxb3 20. cxb3 Qxb3+ 21. Ka1 Qa4 22. Kb1 Qb3+ 23. Ka1 Qa4 1/2-1/2

[Event "Le Touquet op-A"]
[Site "Le Touquet"]
[Date "2008.10.26"]
[Round "2"]
[White "Vaillant, Stephane"]
[Black "Dehesdin, Wilfried"]
[Result "0-1"]
[WhiteElo "1985"]
[BlackElo "2130"]
[PlyCount "70"]
[EventDate "2008.10.25"]
[EventType "swiss"]
[EventRounds "9"]
[EventCountry "FRA"]
[SourceTitle "EXT 2009"]
[Source "ChessBase"]
[SourceDate "2008.11.26"]
[SourceVersion "1"]
[SourceVersionDate "2008.11.26"]
[SourceQuality "1"]

1. d4 Nf6 2. Nf3 e6 3. c4 Nc6 4. Nc3 d5 5. Bg5 Be7 6. e3 0-0 7. Rc1 h6 8. Bh4 Ne4 9. Bxe7 Qxe7 10. cxd5 Nxc3 11. Rxc3 exd5 12. Qb3 Rd8 13. Bb5 Bg4 14. Bxc6 Bxf3 15. Bxb7 Bxg2 16. Rg1 Rab8 17. Rxg2 c6 18. Rxc6 Rxb7 19. Qc3 Qe4 20. f3 Qxf3 21. Rf2 Qh1+ 22. Ke2 Qb1 23. Kf3 Re8 24. Qc2 Qh1+ 25. Ke2 Rbe7 26. Rc3 Re4 27. Rd3 Qg1 28. Qc7 R4e7 29. Qc3 Qg4+ 30. Kf1 Rc8 31. Qd2 Rc6 32. Rc3 Rg6 33. Rg2 Qf5+ 34. Rf2 Qh3+ 35. Rg2 Re4 0-1

[Event "FRA-ch op-A"]
[Site "Pau"]
[Date "2008.08.17"]
[Round "6"]
[White "Zaninetti, Laurent"]
[Black "Vaillant, Stephane"]
[Result "1/2-1/2"]
[WhiteElo "2013"]
[BlackElo "2016"]
[PlyCount "41"]
[EventDate "2008.08.11"]
[EventType "swiss"]
[EventRounds "9"]
[EventCountry "FRA"]
[SourceTitle "CBM 126 Extra"]
[Source "ChessBase"]
[SourceDate "2008.11.05"]
[SourceVersion "1"]
[SourceVersionDate "2008.11.05"]
[SourceQuality "1"]

1. d4 e6 2. Nf3 Nf6 3. e3 c5 4. c4 cxd4 5. exd4 d5 6. Nc3 Nc6 7. Bg5 Be7 8. Bd3 dxc4 9. Bxc4 0-0 10. a3 b6 11. 0-0 Bb7 12. Rc1 Rc8 13. Qd3 Na5 14. Ba2 Bxf3 15. Qxf3 Qd7 16. Rfd1 Rfd8 17. Qg3 Qb7 18. Bb1 g6 19. Ba2 Rc7 20. b4 Nc6 21. Qe3 1/2-1/2

[Event "FRA-chT2 West 0708"]
[Site "France"]
[Date "2008.02.10"]
[Round "7.5"]
[White "Vaillant, Stephane"]
[Black "Chaumont, Adeline"]
[Result "1/2-1/2"]
[WhiteElo "2015"]
[BlackElo "2063"]
[PlyCount "111"]
[EventDate "2007.10.21"]
[EventType "team"]
[EventRounds "11"]
[EventCountry "FRA"]
[SourceTitle "EXT 2009"]
[Source "ChessBase"]
[SourceDate "2008.11.26"]
[SourceVersion "1"]
[SourceVersionDate "2008.11.26"]
[SourceQuality "1"]
[WhiteTeam "Orleans"]
[BlackTeam "Echiquier Berry Sologne"]
[WhiteTeamCountry "FRA"]
[BlackTeamCountry "FRA"]

1. d4 d5 2. Nf3 Nf6 3. c4 c6 4. Nc3 e6 5. cxd5 exd5 6. Bg5 h6 7. Bh4 Be7 8. Qc2 0-0 9. e3 Ne4 10. Bxe7 Qxe7 11. Bd3 Re8 12. 0-0 Nd7 13. Rab1 Ndf6 14. b4 Nxc3 15. Qxc3 Ne4 16. Qc2 a6 17. a4 Bf5 18. Nd2 Qg5 19. Nf3 Qf6 20. b5 cxb5 21. axb5 Rac8 22. Qb2 Nc3 23. Bxf5 Qxf5 24. bxa6 Nxb1 25. axb7 Rb8 26. Rxb1 Re7 27. Qa2 Kh7 28. h3 Rexb7 29. Rxb7 Rxb7 30. Kh2 f6 31. Nh4 Qe4 32. Nf3 Rc7 33. Ne1 Rc1 34. Qd2 Ra1 35. Kg3 Qg6+ 36. Kh2 Qe4 37. Kg3 h5 38. Qe2 h4+ 39. Kh2 Kg8 40. Nd3 Qe8 41. Nf4 Ra5 42. Qg4 g5 43. Ne6 Qb8+ 44. g3 Ra2 45. Kg2 Qb2 46. Qf5 Qc2 47. Qxc2 Rxc2 48. gxh4 gxh4 49. Nf4 Kf7 50. Nxd5 Rd2 51. Kf3 f5 52. Nf4 Kf6 53. Nd5+ Kg5 54. Nf4 Kf6 55. Nd5+ Kg5 56. Nf4 1/2-1/2